Rusko-slovenské obchodno-ekonomické vzťahy na pozadí problémov trhových reforiem
Začiatok a priebeh reforiem v Rusku. Hlavný obsah rozvoja Ruska na konci roka 1998 a v roku 1999.
Salvato in:
| Autore principale: | |
|---|---|
| Natura: | Capitolo di libro |
| Lingua: | slovacco |
| Soggetti: | |
| Tags: |
Nessun Tag, puoi essere il primo ad aggiungerne!!
|
MARC
| LEADER | 00000naa a2200000 4500 | ||
|---|---|---|---|
| 001 | r038443 | ||
| 005 | 20230808083344.9 | ||
| 041 | 0 | |a slo | |
| 044 | |a SK | ||
| 245 | 1 | 0 | |a Rusko-slovenské obchodno-ekonomické vzťahy na pozadí problémov trhových reforiem |c Alexander Georgijevič Akseňonok |
| 520 | |a Začiatok a priebeh reforiem v Rusku. Hlavný obsah rozvoja Ruska na konci roka 1998 a v roku 1999. | ||
| 610 | 2 | 0 | |a vývoj hospodársky |
| 610 | 2 | 0 | |a reformy hospodárske |
| 610 | 2 | 0 | |a Rusko |
| 610 | 2 | 0 | |a situácia hospodárska |
| 610 | 2 | 0 | |a situácia sociálna |
| 610 | 2 | 0 | |a obchod zahraničný |
| 610 | 2 | 0 | |a dlhy štátne |
| 610 | 2 | 0 | |a kríza finančná |
| 610 | 2 | 0 | |a kríza hospodárska |
| 100 | 1 | |a Akseňonok, Alexander Georgijevič | |